| 000 | 00386nam a2200145Ia 4500 | ||
|---|---|---|---|
| 008 | 230917s9999||||xx |||||||||||||| ||und|| | ||
| 040 |
_e40406 _aMAIN |
||
| 041 | _aEnglish | ||
| 082 | _a822.09 B677E | ||
| 100 | _aBowers, Fredson | ||
| 245 | 0 | _aElizabethan revenge tragedy, 1587-1642 | |
| 260 |
_aPrinceton _bPrinceton University Press _c1971 |
||
| 300 | _aviii, 288 p. | ||
| 942 | _cBK | ||
| 999 |
_c176157 _d176157 |
||